[Event "Sparkassen-Open A"]
[Site "Heusenstamm, Martinsee"]
[Date "2018.11.24"]
[Round "5.68"]
[White "Trumpp, Lothar"]
[Black "Altenbernd, Dirk"]
[Result "1-0"]
[WhiteElo "2004"]
[BlackElo "1842"]
[PlyCount "75"]
[EventDate "2018.??.??"]
[WhiteTeam "VSG Offenbach"]
[BlackTeam "SK TÃ¶nsberg Oerlinghausen"]

1. e4 g6 2. Bc4 Bg7 3. Nc3 d6 4. Nf3 e6 5. d3 Ne7 6. O-O O-O 7. Re1 Nd7 8. a4
a5 9. Be3 b6 10. Qd2 Bb7 11. Bh6 d5 12. Bxg7 Kxg7 13. Ba2 Nc5 14. Qf4 f6 15. e5
f5 16. Ne2 Nc6 17. Bb1 Ba6 18. Rd1 Qe7 19. c3 Nd7 20. Bc2 h6 21. h4 Kh7 22. Kh2
Qg7 23. Ned4 Nd8 24. b4 c5 25. bxc5 bxc5 26. Nb5 Rc8 27. Re1 Nc6 28. Rab1 Rg8
29. Nd6 Rb8 30. d4 c4 31. Kg1 Rxb1 32. Rxb1 Rb8 33. Nb5 Nb6 34. Kf1 Qe7 35. g4
Rf8 36. Ke2 fxg4 37. Qxg4 Qg7 38. Nc7 1-0

[Event "Sparkassen-Open A"]
[Site "Heusenstamm, Martinsee"]
[Date "2018.11.24"]
[Round "5.69"]
[White "Syed, Tareq"]
[Black "Stuhlmann, Florian"]
[Result "1/2-1/2"]
[WhiteElo "2025"]
[BlackElo "1774"]
[PlyCount "51"]
[EventDate "2018.??.??"]
[WhiteTeam "SC Brett vorm Kopp"]
[BlackTeam "SC Lindenholzhausen"]

1. d3 d5 2. g3 e5 3. Bg2 Be6 4. Nf3 Nd7 5. Ng5 Qf6 6. Nxe6 Qxe6 7. O-O Bc5 8.
c3 Ne7 9. Nd2 O-O 10. b4 Bd6 11. Bb2 c6 12. Qb3 a5 13. a3 axb4 14. axb4 Qg4 15.
Bf3 Qh3 16. Bg2 Qg4 17. Bf3 Qh3 18. Rxa8 Rxa8 19. Ra1 Rxa1+ 20. Bxa1 Nf6 21.
Qa2 Qc8 22. e4 Qb8 23. Kg2 dxe4 24. dxe4 b5 25. Nb3 Nd7 26. Bb2 1/2-1/2

[Event "Sparkassen-Open A"]
[Site "Heusenstamm, Martinsee"]
[Date "2018.11.24"]
[Round "5.70"]
[White "Hoffmann, Matthias"]
[Black "Meyer, Marcel"]
[Result "0-1"]
[WhiteElo "2024"]
[BlackElo "1811"]
[PlyCount "94"]
[EventDate "2018.??.??"]
[WhiteTeam "SV Wiehl"]
[BlackTeam "SC Herborn"]

1. e4 c6 2. d4 d5 3. Nd2 dxe4 4. Nxe4 Bf5 5. Ng3 Bg6 6. Bc4 e6 7. N1e2 Bd6 8.
O-O Qc7 9. f4 Ne7 10. Bd3 Nd7 11. Bxg6 hxg6 12. Ne4 O-O-O 13. Nxd6+ Qxd6 14. b4
Qxb4 15. Rf3 Qb5 16. Ba3 Nd5 17. Rb1 Qa6 18. Bd6 N7b6 19. Ra3 Qc4 20. Bc5 Na4
21. Bxa7 Nac3 22. Nxc3 Nxc3 23. Qe1 Nxb1 24. Qxb1 Rd5 25. Bc5 Rxc5 26. Ra8+ Kc7
27. Rxh8 Qxd4+ 28. Kh1 Rd5 29. h3 Qxf4 30. Qe1 Qe5 31. Qxe5+ Rxe5 32. Rg8 Kd6
33. Rxg7 Ke7 34. Rg8 Ra5 35. Rb8 Rxa2 36. Rxb7+ Kf6 37. c4 Ra4 38. c5 Ra5 39.
Kg1 Rxc5 40. Kf2 Rc3 41. h4 e5 42. g4 Rh3 43. g5+ Ke6 44. Rc7 Rxh4 45. Rxc6+
Kf5 46. Rf6+ Kxg5 47. Rxf7 Rf4+ 0-1

[Event "Sparkassen-Open A"]
[Site "Heusenstamm, Martinsee"]
[Date "2018.11.24"]
[Round "5.71"]
[White "Pauls, Wilhelm"]
[Black "Mohr, Thomas"]
[Result "0-1"]
[WhiteElo "2024"]
[BlackElo "1778"]
[PlyCount "102"]
[EventDate "2018.??.??"]
[WhiteTeam "SG Kaarst"]
[BlackTeam "SC FK Babenhausen"]

1. e4 d5 2. exd5 Nf6 3. d4 Nxd5 4. Nf3 Bg4 5. h3 Bh5 6. Be2 e6 7. O-O Be7 8. c4
Nb6 9. Be3 c6 10. Qb3 Qc7 11. Nc3 N8d7 12. Rac1 O-O 13. Rfe1 Nc8 14. Ne4 Bg6
15. Bd3 b6 16. Qc3 Nf6 17. Ng3 Bd6 18. Bxg6 hxg6 19. Ne5 Ne7 20. f4 Nf5 21. Bf2
c5 22. dxc5 Bxc5 23. b4 Bxf2+ 24. Kxf2 Rad8 25. Kg1 Qb7 26. c5 bxc5 27. bxc5
Nd5 28. Qf3 Nd4 29. Qe4 Nc6 30. Nc4 Qc7 31. Nd6 Nf6 32. Qa4 a5 33. Nge4 Nxe4
34. Qxe4 Rb8 35. a3 Rb3 36. Rb1 Rfb8 37. Rxb3 Rxb3 38. Rb1 Rxb1+ 39. Qxb1 Kf8
40. Qb5 Ke7 41. Kf2 f6 42. g4 Kd7 43. Ke3 Qa7 44. Ke4 Qa8 45. Kd3 Ke7 46. Qb6
Kd7 47. Qb5 Ke7 48. Kc3 Kd8 49. Qd3 Ne7 50. Nf5+ Nd5+ 51. Kc4 Qa6+ 0-1

[Event "Sparkassen-Open A"]
[Site "Heusenstamm, Martinsee"]
[Date "2018.11.24"]
[Round "5.72"]
[White "Emig, Nils"]
[Black "Hehn, Hartmut"]
[Result "0-1"]
[WhiteElo "1686"]
[BlackElo "2016"]
[PlyCount "62"]
[EventDate "2018.??.??"]
[WhiteTeam "SK Marburg"]
[BlackTeam "SV Ebersbach"]

1. d4 Nf6 2. c4 c5 3. d5 e6 4. Nc3 exd5 5. cxd5 d6 6. e4 g6 7. Bd3 Bg7 8. Nge2
O-O 9. O-O a6 10. a4 Qc7 11. Ng3 Re8 12. Re1 Nbd7 13. Kh1 Ne5 14. Be2 Neg4 15.
Rf1 h5 16. Bxg4 Bxg4 17. f3 Bd7 18. Be3 b5 19. Qc2 b4 20. Nb1 h4 21. Ne2 h3 22.
g3 Nxd5 23. Bd2 a5 24. Nf4 Nxf4 25. Bxf4 Be5 26. Bg5 Bd4 27. Rd1 Qb7 28. Bf4
Bc6 29. Rxd4 cxd4 30. Bxd6 Bxe4 31. fxe4 Rxe4 0-1

[Event "Sparkassen-Open A"]
[Site "Heusenstamm, Martinsee"]
[Date "2018.11.24"]
[Round "5.73"]
[White "Papadopoulos, Ioannis"]
[Black "SchÃ¤fer, Heiko"]
[Result "1-0"]
[WhiteElo "1796"]
[BlackElo "2014"]
[PlyCount "53"]
[EventDate "2018.??.??"]
[WhiteTeam "SV Oberursel"]
[BlackTeam "Potsdamer SV"]

1. e4 e6 2. d4 d5 3. Nd2 Be7 4. Bd3 Nf6 5. e5 Nfd7 6. Ne2 c5 7. c3 Nc6 8. O-O
cxd4 9. cxd4 f6 10. exf6 Bxf6 11. Nf3 e5 12. dxe5 Ndxe5 13. Nxe5 Bxe5 14. Nf4
O-O 15. Qh5 Rxf4 16. Qxh7+ Kf8 17. Bxf4 Bxf4 18. Rfe1 Bd7 19. Bg6 Ne7 20. Rxe7
Kxe7 21. Qh4+ Kf8 22. Qxf4+ Qf6 23. Qg3 Rc8 24. Re1 Bf5 25. Bxf5 Qxf5 26. h3 d4
27. Qd6+ 1-0

[Event "Sparkassen-Open A"]
[Site "Heusenstamm, Martinsee"]
[Date "2018.11.24"]
[Round "5.74"]
[White "Scharrer, Udo"]
[Black "Pohle, Saskia"]
[Result "1-0"]
[WhiteElo "2014"]
[BlackElo "1656"]
[PlyCount "53"]
[EventDate "2018.??.??"]
[WhiteTeam "SV Dicker Turm Esslingen"]
[BlackTeam "Muldental Wilkau-HaÃŸlau"]

1. d4 Nf6 2. c4 g6 3. Nc3 d5 4. cxd5 Nxd5 5. e4 Nxc3 6. bxc3 Bg7 7. Qa4+ Bd7 8.
Qb3 b6 9. Nf3 O-O 10. Be3 Bc6 11. Bd3 Nd7 12. O-O Bb7 13. Rad1 Qc8 14. Rfe1 c5
15. d5 Qc7 16. c4 Ne5 17. Nxe5 Qxe5 18. g3 e6 19. f4 Qb2 20. Bf1 exd5 21. Qxb2
Bxb2 22. cxd5 Rad8 23. Re2 Bg7 24. Bg2 f6 25. Bc1 Rfe8 26. Bb2 Bxd5 27. Red2
1-0

[Event "Sparkassen-Open A"]
[Site "Heusenstamm, Martinsee"]
[Date "2018.11.24"]
[Round "5.75"]
[White "Rabiya, Karim"]
[Black "Sanati, Charlotte"]
[Result "0-1"]
[WhiteElo "1754"]
[BlackElo "2096"]
[PlyCount "56"]
[EventDate "2018.??.??"]
[WhiteTeam "SK Niederbrechen"]
[BlackTeam "SG Trier"]

1. e4 c5 2. Nf3 g6 3. c3 Bg7 4. d4 cxd4 5. cxd4 d5 6. Bb5+ Bd7 7. Qe2 dxe4 8.
Ne5 Nf6 9. Nc3 O-O 10. O-O a6 11. Bxd7 Nbxd7 12. Nxe4 Rc8 13. Bd2 Nxe4 14. Ba5
Qxa5 15. Nxd7 Rfd8 16. Rfc1 Rxc1+ 17. Rxc1 Rxd7 18. Qxe4 Rc7 19. Qf4 Rxc1+ 20.
Qxc1 Bxd4 21. g3 Qf5 22. Qd2 Qb1+ 23. Kg2 Qxb2 24. Qf4 Kg7 25. h4 h5 26. a4 e5
27. Qf3 b5 28. axb5 axb5 0-1

[Event "Sparkassen-Open A"]
[Site "Heusenstamm, Martinsee"]
[Date "2018.11.24"]
[Round "5.76"]
[White "Foermes, Alexander"]
[Black "Marchese, Gaspare"]
[Result "1-0"]
[WhiteElo "2061"]
[BlackElo "1908"]
[PlyCount "66"]
[EventDate "2018.??.??"]
[WhiteTeam "SK Marburg"]
[BlackTeam "SC Matt im Park"]

1. d4 Nf6 2. Bf4 d5 3. e3 c5 4. c3 Qb6 5. Qb3 c4 6. Qc2 Nc6 7. Nd2 Bg4 8. b3
cxb3 9. axb3 e6 10. Bd3 Rc8 11. Qb2 Be7 12. h3 Bh5 13. Ngf3 Bg6 14. Bxg6 hxg6
15. O-O O-O 16. Rfc1 Qd8 17. Qb1 Nd7 18. c4 g5 19. Bh2 Qe8 20. cxd5 exd5 21. b4
b5 22. Qd3 Nxb4 23. Qxb5 Ne5 24. Qb7 Nxf3+ 25. Nxf3 Rxc1+ 26. Rxc1 Nd3 27. Ra1
Bb4 28. Qxd5 a5 29. Qf5 Nb2 30. Nxg5 g6 31. Qc2 Qb5 32. Ne6 Re8 33. Nc7 Rc8 1-0

[Event "Sparkassen-Open A"]
[Site "Heusenstamm, Martinsee"]
[Date "2018.11.24"]
[Round "5.77"]
[White "Feicht, Arno"]
[Black "Seickel, Ralf"]
[Result "1/2-1/2"]
[WhiteElo "1907"]
[BlackElo "2044"]
[PlyCount "139"]
[EventDate "2018.??.??"]
[WhiteTeam "SV Alsfeld"]
[BlackTeam "vereinslos"]

1. e4 c5 2. a3 g6 3. b4 Bg7 4. Nc3 Nc6 5. b5 Nd4 6. Rb1 d6 7. g3 Nf6 8. Bg2 O-O
9. Nge2 Bg4 10. O-O Nxe2+ 11. Nxe2 d5 12. exd5 Nxd5 13. h3 Bc8 14. Bb2 e5 15.
Nc3 Be6 16. Re1 Nxc3 17. Bxc3 Qd7 18. Kh2 Rad8 19. Re3 Bc4 20. a4 f6 21. Qe1
Bh6 22. Re4 Bd5 23. Re2 Bxg2 24. Kxg2 Qd5+ 25. f3 Qa2 26. Qc1 Qxa4 27. Re4 Qa2
28. Rh4 Bg5 29. Re4 Qd5 30. Re2 Qc4 31. Re4 Qxc3 32. dxc3 Bxc1 33. Rxc1 Rd2+
34. Kf1 Rfd8 35. Re2 R2d6 36. Ke1 Kf7 37. Ra1 Rb6 38. c4 Rd4 39. Re4 Rxe4+ 40.
fxe4 a6 41. bxa6 Rxa6 42. Rb1 b6 43. Kd2 h5 44. Rb3 h4 45. g4 Ke6 46. Ke2 f5
47. exf5+ gxf5 48. gxf5+ Kxf5 49. Ke3 Ra1 50. Rxb6 Rh1 51. Rc6 Rxh3+ 52. Kd2
Ke4 53. Rxc5 Kd4 54. Rd5+ Ke4 55. Rd8 Ra3 56. c5 Ra5 57. c6 Rc5 58. Rh8 Rxc6
59. Rxh4+ Kf3 60. Rh3+ Kf4 61. c4 e4 62. Rc3 Rc5 63. Ke2 Rh5 64. c5 Rh2+ 65.
Kd1 Rh1+ 66. Ke2 Rh2+ 67. Kd1 Rh1+ 68. Kd2 Rh2+ 69. Kd1 Rh1+ 70. Ke2 1/2-1/2

[Event "Sparkassen-Open A"]
[Site "Heusenstamm, Martinsee"]
[Date "2018.11.24"]
[Round "5.78"]
[White "Englert, Jon"]
[Black "Lehmann, Tim"]
[Result "1/2-1/2"]
[WhiteElo "2022"]
[BlackElo "1901"]
[PlyCount "52"]
[EventDate "2018.??.??"]
[WhiteTeam "TV-GroÃŸostheim"]
[BlackTeam "SV Lahn Limburg"]

1. d4 g6 2. c4 Bg7 3. e4 c5 4. d5 d6 5. Ne2 Nf6 6. f3 O-O 7. Be3 Na6 8. Qd2 e6
9. Nec3 exd5 10. cxd5 Nc7 11. a4 Nd7 12. Be2 Qe7 13. Bg5 f6 14. Bh6 Re8 15. Na3
Ne5 16. Bxg7 Kxg7 17. h4 f5 18. h5 g5 19. h6+ Kh8 20. O-O-O a6 21. a5 Bd7 22.
Rh5 Rg8 23. f4 gxf4 24. Qxf4 fxe4 25. Qxe4 Rae8 26. Rf1 Rgf8 1/2-1/2

[Event "Sparkassen-Open A"]
[Site "Heusenstamm, Martinsee"]
[Date "2018.11.24"]
[Round "5.79"]
[White "Haller, Luis"]
[Black "Rettig, Helge"]
[Result "1/2-1/2"]
[WhiteElo "1890"]
[BlackElo "2007"]
[PlyCount "46"]
[EventDate "2018.??.??"]
[WhiteTeam "SF Konz-Karthaus"]
[BlackTeam "SF Verl"]

1. e4 c6 2. d4 d5 3. Nc3 dxe4 4. Nxe4 Nd7 5. Nf3 Ngf6 6. Nxf6+ Nxf6 7. Bd3 Bg4
8. c3 e6 9. O-O Bd6 10. Re1 Qc7 11. h3 Bh5 12. Bg5 O-O-O 13. b4 Kb8 14. Rb1 h6
15. Bd2 Bxf3 16. Qxf3 e5 17. dxe5 Bxe5 18. Rxe5 Rxd3 19. Qxd3 Qxe5 20. b5 Rc8
21. bxc6 Rxc6 22. Rb5 Qc7 23. Qb1 Rc4 1/2-1/2

[Event "Sparkassen-Open A"]
[Site "Heusenstamm, Martinsee"]
[Date "2018.11.24"]
[Round "5.80"]
[White "Berberich, Christoph"]
[Black "Ochs, Daniel Elias"]
[Result "1/2-1/2"]
[WhiteElo "1997"]
[BlackElo "1884"]
[PlyCount "70"]
[EventDate "2018.??.??"]
[WhiteTeam "SGEM Dreisamtal"]
[BlackTeam "Wiesbadener SV"]

1. d4 d5 2. Nf3 Nf6 3. c4 e6 4. e3 a6 5. a3 dxc4 6. Bxc4 b5 7. Ba2 Bb7 8. Nc3
Nbd7 9. O-O Be7 10. Re1 c5 11. e4 cxd4 12. Nxd4 Nc5 13. e5 Nd5 14. Qg4 Kf8 15.
Rd1 h5 16. Qe2 Qb6 17. Nxd5 Bxd5 18. Bxd5 exd5 19. Nf5 Qe6 20. Nxe7 Kxe7 21.
Bg5+ f6 22. Be3 Nd7 23. exf6+ Nxf6 24. Bc5+ Kf7 25. Qf3 Rad8 26. Re1 Qd7 27.
Re7+ Qxe7 28. Bxe7 Kxe7 29. h3 Kf7 30. Rd1 Rhe8 31. g4 hxg4 32. hxg4 Re4 33. g5
Rg4+ 34. Kf1 Rxg5 35. Qf4 Rg4 1/2-1/2

[Event "Sparkassen-Open A"]
[Site "Heusenstamm, Martinsee"]
[Date "2018.11.24"]
[Round "5.81"]
[White "MÃ¼dder, Melanie"]
[Black "Diehm, Alexander"]
[Result "1/2-1/2"]
[WhiteElo "1855"]
[BlackElo "1995"]
[PlyCount "76"]
[EventDate "2018.??.??"]
[WhiteTeam "SG Solingen"]
[BlackTeam "SC FK Babenhausen"]

1. e4 c5 2. Nf3 Nc6 3. d4 cxd4 4. Nxd4 d6 5. Nc3 e5 6. Ndb5 a6 7. Na3 Nf6 8.
Bg5 Be7 9. Bxf6 Bxf6 10. Nc4 Nd4 11. Nd5 b5 12. Nce3 Be6 13. c3 Nc6 14. a4 O-O
15. axb5 axb5 16. Bxb5 Rxa1 17. Qxa1 Ne7 18. Bc4 Bg5 19. O-O Nxd5 20. Nxd5 h5
21. Qa6 Kh8 22. Rd1 f5 23. Nb4 fxe4 24. Bxe6 Qf6 25. Qe2 Qxe6 26. Qxh5+ Bh6 27.
Nd5 Rf5 28. Qe2 Qf7 29. Ne3 Bxe3 30. Qxe3 d5 31. Qc5 d4 32. cxd4 Rxf2 33. Qxe5
Rxg2+ 34. Kxg2 Qf3+ 35. Kg1 Qxd1+ 36. Kg2 Qf3+ 37. Kg1 Qd1+ 38. Kg2 Qf3+
1/2-1/2

[Event "Sparkassen-Open A"]
[Site "Heusenstamm, Martinsee"]
[Date "2018.11.24"]
[Round "5.82"]
[White "Werner, Dimo"]
[Black "Eg, Karlheinz"]
[Result "1-0"]
[WhiteElo "1993"]
[BlackElo "1872"]
[PlyCount "109"]
[EventDate "2018.??.??"]
[WhiteTeam "TSV Schott Mainz"]
[BlackTeam "SV RÃ¼sselsheim"]

1. d4 Nf6 2. Nf3 g6 3. c4 Bg7 4. Nc3 d5 5. cxd5 Nxd5 6. Bd2 O-O 7. e4 Nb6 8.
Be3 Nc6 9. d5 Ne5 10. Nxe5 Bxe5 11. Bd4 Bf4 12. g3 Bh6 13. Bg2 e6 14. O-O exd5
15. exd5 Nc4 16. Ne4 f6 17. b3 Nd6 18. Nc5 Nf5 19. Bb2 Qe7 20. Qc2 Re8 21. Ne4
Bg7 22. Rfe1 Kh8 23. Bc3 Qf7 24. Qb2 Rf8 25. Rad1 Nd6 26. Nxd6 cxd6 27. Qa3 Rd8
28. Re3 Bh6 29. f4 Bg4 30. Rde1 Bf8 31. Qb2 Kg7 32. h3 Bd7 33. g4 Re8 34. g5
Rxe3 35. Rxe3 Re8 36. Bxf6+ Kg8 37. Qe2 Rxe3 38. Qxe3 a6 39. Kh2 h6 40. h4 h5
41. Qb6 Bc8 42. Qd8 Bf5 43. b4 Bg4 44. Kg3 Bf5 45. Bd4 Kh7 46. Qf6 Qg8 47. Bh3
Bxh3 48. Kxh3 Bg7 49. Qxg7+ Qxg7 50. Bxg7 Kxg7 51. b5 axb5 52. Kg3 Kf7 53. Kf3
Ke7 54. Ke3 Kd7 55. Kd4 1-0

[Event "Sparkassen-Open A"]
[Site "Heusenstamm, Martinsee"]
[Date "2018.11.24"]
[Round "5.83"]
[White "Browning, Rebecca"]
[Black "Krychevskiy, Dmytro"]
[Result "1/2-1/2"]
[WhiteElo "1836"]
[BlackElo "1986"]
[PlyCount "54"]
[EventDate "2018.??.??"]
[WhiteTeam "MS Halver-SchalksmÃ¼hle"]
[BlackTeam "SV Oberursel"]

1. e4 e6 2. Nf3 d5 3. e5 Nh6 4. d4 c5 5. c3 Nc6 6. Bd3 Bd7 7. O-O Qb6 8. Bc2
cxd4 9. cxd4 Nb4 10. Ba4 Bxa4 11. Qxa4+ Qc6 12. Qxc6+ bxc6 13. Na3 Nd3 14. Nc2
Nxc1 15. Rfxc1 Rb8 16. b4 Kd7 17. a3 Be7 18. Nce1 Rb7 19. Nd3 Ra8 20. Nc5+ Bxc5
21. Rxc5 a5 22. bxa5 Ra6 23. Kf1 f6 24. h3 Rb5 25. Rxb5 cxb5 26. Rb1 Rxa5 27.
Rb3 Nf7 1/2-1/2

[Event "Sparkassen-Open A"]
[Site "Heusenstamm, Martinsee"]
[Date "2018.11.24"]
[Round "5.84"]
[White "Junker, Christian"]
[Black "Bittner, Peter"]
[Result "1-0"]
[WhiteElo "1984"]
[BlackElo "1869"]
[PlyCount "115"]
[EventDate "2018.??.??"]
[WhiteTeam "SV Neu-Isenburg"]
[BlackTeam "SC Nied"]

1. Nf3 d5 2. g3 g6 3. d3 Bg7 4. Bg2 c6 5. Nbd2 Nf6 6. O-O O-O 7. e4 dxe4 8.
dxe4 Qc7 9. Qe2 e5 10. b3 Bg4 11. h3 Bxf3 12. Bxf3 Nbd7 13. a4 Rfe8 14. Bb2
Rad8 15. Nc4 Nb6 16. Bg2 Nxc4 17. Qxc4 Nd7 18. Bc1 Nf8 19. Be3 Ne6 20. c3 Rd7
21. Rfe1 Red8 22. h4 b6 23. b4 h6 24. Bh3 Re7 25. Qe2 Kh7 26. Bf1 c5 27. b5 Qb7
28. Qc2 Nc7 29. a5 Ra8 30. Bc4 Rd7 31. Reb1 Rad8 32. Ra2 Qc8 33. h5 Re7 34. Kg2
g5 35. Rd1 Ne8 36. axb6 axb6 37. Ra6 Rxd1 38. Qxd1 Qc7 39. Bd5 Rd7 40. Qf3 Nd6
41. Bc6 Rd8 42. Qe2 Rb8 43. c4 Nc8 44. Bd5 Bf6 45. Qa2 Kg7 46. Bc6 Qd6 47. Qd2
Qxd2 48. Bxd2 Be7 49. f4 exf4 50. gxf4 gxf4 51. Bxf4 Bd6 52. e5 Bc7 53. Bd5 Ne7
54. Ra7 Rc8 55. Bf3 Bd8 56. Bg4 Nc6 57. bxc6 Rxc6 58. e6 1-0

[Event "Sparkassen-Open A"]
[Site "Heusenstamm, Martinsee"]
[Date "2018.11.24"]
[Round "5.85"]
[White "Diehl, Stefan"]
[Black "Steudel, Max"]
[Result "0-1"]
[WhiteElo "1859"]
[BlackElo "1951"]
[PlyCount "80"]
[EventDate "2018.??.??"]
[WhiteTeam "SC HÃ¶chst"]
[BlackTeam "SC Brett vorm Kopp"]

1. f4 d5 2. Nf3 Nf6 3. e3 c6 4. Be2 Bg4 5. O-O e6 6. b3 Bd6 7. Bb2 Nbd7 8. Qe1
Qc7 9. d3 O-O-O 10. c4 dxc4 11. bxc4 Bxf3 12. Bxf3 e5 13. Nd2 exf4 14. Bxf6
Nxf6 15. e4 Bc5+ 16. Kh1 Rxd3 17. Nb3 Be3 18. Qe2 Rhd8 19. Rab1 Qe5 20. c5 Nxe4
21. Na5 R8d7 22. Nc4 Qxc5 23. Bxe4 Qxc4 24. Bxd3 Qxd3 25. Qh5 Qg6 26. Qh3 f5
27. Rfd1 Rxd1+ 28. Rxd1 Qg4 29. Qf3 Qxf3 30. gxf3 Kc7 31. Kg2 g5 32. h4 g4 33.
h5 h6 34. Rd3 b5 35. Rd1 a5 36. Rd3 g3 37. Kh3 b4 38. Kg2 a4 39. Kf1 c5 40. Rd5
b3 0-1

[Event "Sparkassen-Open A"]
[Site "Heusenstamm, Martinsee"]
[Date "2018.11.24"]
[Round "5.86"]
[White "Midanka, Vladimir Josef"]
[Black "TremÃ¶hlen, Thomas"]
[Result "0-1"]
[WhiteElo "1771"]
[BlackElo "1980"]
[PlyCount "68"]
[EventDate "2018.??.??"]
[WhiteTeam "SC Brett vorm Kopp"]
[BlackTeam "SG Kaarst"]

1. e4 c5 2. Nf3 Nc6 3. d4 cxd4 4. Nxd4 e5 5. Nb5 a6 6. N5c3 Bc5 7. Nd5 Nf6 8.
f3 Nxe4 9. Be3 Bxe3 10. Nxe3 Qh4+ 11. g3 Nxg3 12. Ng2 Qb4+ 13. c3 Qxb2 14. hxg3
Qxa1 15. Qc2 d6 16. Bc4 b5 17. Bd5 Bb7 18. Bxc6+ Bxc6 19. O-O Bd5 20. Ne3 Be6
21. f4 exf4 22. gxf4 Qxa2 23. Qe4 O-O 24. Rf2 Qa4 25. Qf3 f5 26. Nd2 Rac8 27.
Nd5 Bxd5 28. Qxd5+ Kh8 29. Kh2 Qd1 30. Rg2 Rf6 31. Qb7 Rh6+ 32. Kg3 Qe1+ 33.
Rf2 Rg6+ 34. Kh3 Rxc3+ 0-1

[Event "Sparkassen-Open A"]
[Site "Heusenstamm, Martinsee"]
[Date "2018.11.24"]
[Round "5.87"]
[White "Bernhart, Joseph"]
[Black "Rieger, Mario"]
[Result "1/2-1/2"]
[WhiteElo "1952"]
[BlackElo "1868"]
[PlyCount "67"]
[EventDate "2018.??.??"]
[WhiteTeam "SG Kaiserslautern"]
[BlackTeam "MS Halver-SchalksmÃ¼hle"]

1. d4 d6 2. Bf4 Nf6 3. e3 g6 4. Nf3 Bg7 5. Be2 O-O 6. h3 c5 7. c3 cxd4 8. exd4
Qb6 9. Qb3 Qxb3 10. axb3 Bf5 11. O-O Nc6 12. b4 a6 13. Nbd2 Nd5 14. Bh2 Bh6 15.
Ra3 Bf4 16. g4 Bxh2+ 17. Kxh2 Nf4 18. Bxa6 Rxa6 19. Rxa6 bxa6 20. gxf5 gxf5 21.
Ra1 Nb8 22. Nh4 e6 23. Kg3 Nd3 24. Rb1 Nc6 25. Kf3 Ndxb4 26. cxb4 Nxd4+ 27. Kg3
Rb8 28. Ra1 Rxb4 29. Rxa6 Rxb2 30. Nhf3 Ne2+ 31. Kg2 d5 32. Nf1 Nf4+ 33. Kg3
Nh5+ 34. Kg2 1/2-1/2

[Event "Sparkassen-Open A"]
[Site "Heusenstamm, Martinsee"]
[Date "2018.11.24"]
[Round "5.88"]
[White "HÃ¤nselmann, Hendrik"]
[Black "HÃ¶hne, Volkmar"]
[Result "1/2-1/2"]
[WhiteElo "1705"]
[BlackElo "1960"]
[PlyCount "59"]
[EventDate "2018.??.??"]
[WhiteTeam "Karlsruher SF"]
[BlackTeam "SV GroÃŸauheim"]

1. e4 c6 2. d4 d5 3. Nc3 dxe4 4. Nxe4 Bf5 5. Ng3 Bg6 6. Nf3 Nd7 7. h4 h6 8. h5
Bh7 9. Bd3 Bxd3 10. Qxd3 Qc7 11. Bd2 Ngf6 12. O-O-O e6 13. Qe2 O-O-O 14. Ne5
Nxe5 15. dxe5 Nd7 16. Rhe1 Be7 17. f4 Rhe8 18. Ne4 Nc5 19. Nxc5 Bxc5 20. Be3
Qb6 21. Bxc5 Qxc5 22. Qg4 Rxd1+ 23. Rxd1 Qe3+ 24. Kb1 Rd8 25. Rxd8+ Kxd8 26. a3
Qd4 27. g3 Ke8 28. Qxg7 Qd1+ 29. Ka2 Qxc2 30. Qxh6 1/2-1/2

[Event "Sparkassen-Open A"]
[Site "Heusenstamm, Martinsee"]
[Date "2018.11.24"]
[Round "5.89"]
[White "Kalepky, Helmut"]
[Black "Hegel, Christoph"]
[Result "1/2-1/2"]
[WhiteElo "1960"]
[BlackElo "1803"]
[PlyCount "40"]
[EventDate "2018.??.??"]
[WhiteTeam "SF Heidesheim"]
[BlackTeam "SC Peiting"]

1. e4 c5 2. c4 Nc6 3. f4 e6 4. Nf3 d5 5. cxd5 exd5 6. e5 Nge7 7. Be2 Nf5 8. O-O
h5 9. g3 Qb6 10. Kh1 Nfd4 11. Nxd4 Nxd4 12. d3 Nxe2 13. Qxe2 Bg4 14. Qf2 h4 15.
f5 O-O-O 16. Nc3 d4 17. Ne4 Qb5 18. Qc2 Rd5 19. f6 g6 20. Bf4 Bf5 1/2-1/2

[Event "Sparkassen-Open A"]
[Site "Heusenstamm, Martinsee"]
[Date "2018.11.24"]
[Round "5.90"]
[White "Bachmann, Nick"]
[Black "Thomele, Michael"]
[Result "1-0"]
[WhiteElo "1957"]
[BlackElo "1855"]
[PlyCount "109"]
[EventDate "2018.??.??"]
[WhiteTeam "SG WÃ¤chtersbach"]
[BlackTeam "SC Obernau"]

1. e4 e5 2. Nc3 Nc6 3. Nf3 d6 4. Bc4 Be7 5. a3 Nf6 6. h3 O-O 7. d3 a6 8. Be3
Bd7 9. Ne2 Be6 10. Ng3 d5 11. exd5 Nxd5 12. Bd2 Nf4 13. Bxe6 Nxe6 14. O-O Qd7
15. Re1 Bd6 16. Bc3 Ned4 17. Ne4 f5 18. Nxd6 Nxf3+ 19. Qxf3 cxd6 20. Qd5+ Kh8
21. Bxe5 Nxe5 22. Rxe5 f4 23. Re6 f3 24. g4 Qd8 25. Qxd6 Qh4 26. Qg3 Qg5 27.
Re3 Qf6 28. c3 Qb6 29. b4 Qf6 30. d4 a5 31. Rae1 axb4 32. axb4 Qc6 33. h4 h6
34. Qe5 Rad8 35. Kh2 Qg6 36. Kg3 Rc8 37. h5 Qc2 38. d5 Rcd8 39. g5 hxg5 40. h6
Qg6 41. hxg7+ Qxg7 42. Rh1+ Kg8 43. Qe6+ Qf7 44. Rxf3 Qxe6 45. Rxf8+ Kxf8 46.
dxe6 Re8 47. Re1 Kg7 48. Kg4 Kf6 49. c4 Ke7 50. Kxg5 Rg8+ 51. Kf4 Rf8+ 52. Ke5
Rxf2 53. Re4 b6 54. Kd5 Rb2 55. b5 1-0

[Event "Sparkassen-Open A"]
[Site "Heusenstamm, Martinsee"]
[Date "2018.11.24"]
[Round "5.91"]
[White "Mehl, Ulrich"]
[Black "Wuerl, Roland"]
[Result "1/2-1/2"]
[WhiteElo "1629"]
[BlackElo "1948"]
[PlyCount "53"]
[EventDate "2018.??.??"]
[WhiteTeam "Berkershm"]
[BlackTeam "SK Dieburg"]

1. d4 Nf6 2. Nf3 g6 3. c4 Bg7 4. Bf4 O-O 5. h3 c5 6. e3 d5 7. Be2 cxd4 8. exd4
Nc6 9. Nc3 Bf5 10. O-O dxc4 11. Bxc4 Rc8 12. Bb3 Ne4 13. Re1 Nxc3 14. bxc3 Na5
15. Rc1 Nxb3 16. Qxb3 b6 17. Qa3 e6 18. Re2 Bd3 19. Rb2 a6 20. Ne5 Bb5 21. Qb3
Qd5 22. Qb4 f6 23. Nf3 Rfd8 24. Re1 Bf8 25. Qb3 Kf7 26. Qxd5 exd5 27. a4
1/2-1/2

[Event "Sparkassen-Open A"]
[Site "Heusenstamm, Martinsee"]
[Date "2018.11.24"]
[Round "5.92"]
[White "Kuhn, Gerhard"]
[Black "Schmitt, Clemens"]
[Result "1-0"]
[WhiteElo "1932"]
[BlackElo "1746"]
[PlyCount "55"]
[EventDate "2018.??.??"]
[WhiteTeam "SK Marburg"]
[BlackTeam "SV Bergwinkel"]

1. e4 c5 2. c3 Nf6 3. e5 Nd5 4. d4 cxd4 5. cxd4 d6 6. Nf3 Nc6 7. Bc4 dxe5 8.
dxe5 Ndb4 9. Qb3 e6 10. O-O Bd7 11. Na3 Na5 12. Qd1 Nxc4 13. Nxc4 Bb5 14. b3
Be7 15. Qe2 O-O 16. Rd1 Nd5 17. Bb2 Qc7 18. Rac1 Rad8 19. Qe4 Qb8 20. Nd4 Ba6
21. Qg4 Bxc4 22. bxc4 Nb4 23. a3 Nc6 24. Qe2 Nxd4 25. Bxd4 Bxa3 26. Ra1 Rxd4
27. Rxd4 Bb2 28. Qxb2 1-0

[Event "Sparkassen-Open A"]
[Site "Heusenstamm, Martinsee"]
[Date "2018.11.24"]
[Round "5.93"]
[White "Werner, Rosalie"]
[Black "Voss, Georg"]
[Result "0-1"]
[WhiteElo "1584"]
[BlackElo "1921"]
[PlyCount "106"]
[EventDate "2018.??.??"]
[WhiteTeam "VSG Offenbach"]
[BlackTeam "SV Schmallenberg"]

1. e4 d5 2. exd5 Qxd5 3. Nc3 Qd8 4. d4 Nf6 5. Nf3 g6 6. Bc4 Bg7 7. O-O c6 8.
Bf4 O-O 9. Re1 b5 10. Bb3 b4 11. Na4 Nh5 12. Be5 Bh6 13. d5 Nd7 14. dxc6 Nxe5
15. Nxe5 Qc7 16. Qf3 e6 17. g3 Bg7 18. Nd3 Rb8 19. Rad1 Rb5 20. g4 Nf6 21. Bc4
Rg5 22. h3 h5 23. Qe3 Ra5 24. b3 hxg4 25. hxg4 Nxg4 26. Qg3 Qxg3+ 27. fxg3 Bd4+
28. Kg2 Ne3+ 29. Rxe3 Bxe3 30. Nxb4 Rf5 31. Rf1 Rh5 32. Nd3 e5 33. Kf3 Bh6 34.
Nc3 Kg7 35. Ne4 f5 36. Nxe5 fxe4+ 37. Kxe4 Rxf1 38. Bxf1 Kf6 39. Nd3 Bf5+ 40.
Kd4 Ke6 41. a4 Bg7+ 42. Kc4 Kd6 43. Bg2 Rh2 44. Ne1 Be5 45. Bd5 Bxg3 46. Nd3
Rxc2+ 47. Kd4 Rd2 48. Bc4 Rxd3+ 49. Bxd3 Bxd3 50. Kxd3 Be1 51. Ke4 Kxc6 52. Kf4
Bd2+ 53. Kg4 Kc5 0-1